Chess Openings Quiz - Statistics

General Stats
  • This quiz has been taken 173 times
  • The average score is 11 of 20
Answer Stats
Picture Answer % Correct
Queen's Gambit
97%
Ruy Lopez Opening
85%
Accelerated London System
83%
Italian Game
81%
French Defense
77%
Sodium Attack
77%
Silician Defense
75%
Slav Defense
72%
Scotch Game
67%
Englund Gambit
58%
Catalan Opening
54%
Grob Opening
52%
Vienna Game
43%
Modern Defense
39%
Alekhine's Defense
38%
Pirc Defense
33%
King's Fianchetto Opening
21%
Ware Opening
21%
Anderssen's Opening
15%
Petroff Defense
4%
No matching quizzes found
Score Distribution
Percent of People with Each Score
Percentile by Number Answered
Your Score History
You have not taken this quiz